LEADER 01901nam 2200469Ia 450 001 996395713503316 005 20210104171230.0 035 $a(CKB)3810000000015795 035 $a(EEBO)2240872067 035 $a(OCoLC)ocn318209502e 035 $a(OCoLC)318209502 035 $a(EXLCZ)993810000000015795 100 $a20090410d1690 uy 0 101 0 $aeng 135 $aurbn||||a|bb| 200 10$aAristotle's compleat master-piece$b[electronic resource] $ein three parts : displaying the secrets of nature in the generation of man : regularly digested into chapters and sections, rendring it far more useful and easie than any yet extant : to which is added, a treasure of health, or, The family physician, being choice and approved remedies for all the several distempers incident to humane bodies 205 $aThe eleventh edition. 210 $aLondon $cPrinted and sold by the booksellers$d[1690?] 215 $aiv, 131, 16, [2] p. $cill. (some folded) 300 $aDate of publication suggested by Wing (2nd ed.). 300 $aError in paging: p. 117 misnumbered 127. 300 $aImperfect: tightly bound, faded print, and with slight loss of text. 300 $aIncludes [2] p. of advertisements at end. 300 $aReproduction of original in: British Library. 330 $aeebo-0018 606 $aHuman reproduction$vEarly works to 1800 606 $aMedicine, Popular$vEarly works to 1800 606 $aGynecology$vEarly works to 1800 606 $aObstetrics$vEarly works to 1800 606 $aMidwifery$vEarly works to 1800 615 0$aHuman reproduction 615 0$aMedicine, Popular 615 0$aGynecology 615 0$aObstetrics 615 0$aMidwifery 801 0$bUMI 801 1$bUMI 801 2$bUMI 906 $aBOOK 912 $a996395713503316 996 $aAristotle's compleat master-piece$92338578 997 $aUNISA